Oblastná štruktúra ekonomiky ako faktor efektívneho rozvoja národného hospodárstva kandidátska dizertačná práca

Enregistré dans:
Détails bibliographiques
Auteur principal: Žárska, Elena, 1955-
Collectivité auteur: Vysoká škola ekonomická v Bratislave. Národohospodárska fakulta
Autres auteurs: Hamalová, Marta
Format: Livre
Langue:slovaque
Publié: Bratislava 1988
Tags: Ajouter un tag
Pas de tags, Soyez le premier à ajouter un tag!

MARC

LEADER 00000nam a2200000 4500
001 c034013
005 20230116104801.4
041 0 |a slo 
044 |a SK 
245 1 0 |a Oblastná štruktúra ekonomiky ako faktor efektívneho rozvoja národného hospodárstva  |b kandidátska dizertačná práca  |c Elena Žárska ; vedúca práce Marta Hamalová 
264 1 |a Bratislava  |c 1988 
300 |a 122 s. 
100 1 |a Žárska, Elena, 1955- 
700 1 |a Hamalová, Marta 
710 2 |a Vysoká škola ekonomická v Bratislave. Národohospodárska fakulta